Литература 1220-х - 1580-х гг., Ч. 1 (Запись № 88626)
[ простой вид ]
| 000 -МАРКЕР | |
|---|---|
| контрольное поле | 01743nam2a22003251 4500 |
| 001 - ИДЕНТИФИКАТОР ЗАПИСИ | |
| контрольное поле | rc\3018691 |
| 005 - ИДЕНТИФИКАТОР ВЕРСИИ | |
| контрольное поле | 20250809113244.0 |
| 035 ## - ДРУГИЕ СИСТЕМНЫЕ НОМЕРА | |
| Идентификатор записи | (NLR Aleph) 007160900 |
| 100 ## - ДАННЫЕ ОБЩЕЙ ОБРАБОТКИ | |
| Данные общей обработки | 20110926d1945 u y0rusy50 ca |
| 101 0# - ЯЗЫК РЕСУРСА | |
| Язык текста, звукозаписи и т.д. | русский |
| 102 ## - СТРАНА ПУБЛИКАЦИИ ИЛИ ПРОИЗВОДСТВА | |
| Страна публикации | российская федерация |
| 105 ## - ПОЛЕ КОДИРОВАННЫХ ДАННЫХ: ТЕКСТОВЫЕ МАТЕРИАЛЫ, МОНОГРАФИЧЕСКИЕ | |
| Кодированные данные о монографическом текстовом документе | ahc z ||||| |
| 200 1# - ЗАГЛАВИЕ И СВЕДЕНИЯ ОБ ОТВЕТСТВЕННОСТИ | |
| Основное заглавие | Литература 1220-х - 1580-х гг., Ч. 1 |
| Первые сведения об ответственности | [Авторы: чл.-кор. В.П. Адрианова-Перетц, М.С. Боровкова-Майкова, проф. С.А. Бугославский и др.] |
| Последующие сведения об ответственности | Ред. акад. А.С. Орлов, чл.-кор. В.П. Адрианова-Перетц, действ. чл. Укр. акад. наук Н.К. Гудзий |
| 210 ## - ПУБЛИКАЦИЯ, РАСПРОСТРАНЕНИЕ И ДР. | |
| Дата издания, распространения и т.д. | 1945 |
| 215 ## - ФИЗИЧЕСКАЯ ХАРАКТЕРИСТИКА | |
| Специфическое обозначение материала и объем | 531 с., 24 л. ил. и факс. |
| Другие сведения о физической характеристике | ил., портр., факс. |
| 461 #0 - УРОВЕНЬ НАБОРА | |
| Встроенное поле | 001rc\3018689 |
| -- | 2001#$aИстория русской литературы$fГл. ред.: чл.-кор. П.И. Лебедев-Полянский (пред.), акад. А.С. Орлов, акад. А.Н. Толстой [и др.]$gАкад. нук СССР, Ин-т лит.(Пушкинский дом)$vТ. 2 |
| 700 #1 - ИМЯ ЛИЦА - ПЕРВИЧНАЯ ОТВЕТСТВЕННОСТЬ | |
| Начальный элемент ввода | Адрианова-Перетц |
| Часть имени, кроме начального элемента ввода | В.П. |
| Расширение инициалов личного имени | Варвара Павловна |
| 701 #1 - ИМЯ ЛИЦА - АЛЬТЕРНАТИВНАЯ ОТВЕТСТВЕННОСТЬ | |
| Начальный элемент ввода | Боровкова-Майкова |
| Часть имени, кроме начального элемента ввода | М. С. |
| Дополнения к именам, кроме дат | литературовед |
| Даты | 1879-1942 |
| Расширение инициалов личного имени | Мария Семеновна |
| Идентификатор авторитетной/нормативной записи | RU\NLR\AUTH\7799656 |
| 701 #1 - ИМЯ ЛИЦА - АЛЬТЕРНАТИВНАЯ ОТВЕТСТВЕННОСТЬ | |
| Начальный элемент ввода | Бугославский |
| Часть имени, кроме начального элемента ввода | С.А. |
| 702 #1 - ИМЯ ЛИЦА - ВТОРИЧНАЯ ОТВЕТСТВЕННОСТЬ | |
| Начальный элемент ввода | Орлов |
| Часть имени, кроме начального элемента ввода | А.С. |
| Код отношения | Редактор |
| 702 #1 - ИМЯ ЛИЦА - ВТОРИЧНАЯ ОТВЕТСТВЕННОСТЬ | |
| Начальный элемент ввода | Гудзий |
| Часть имени, кроме начального элемента ввода | Н.К. |
| Код отношения | Редактор |
| 801 #0 - ИСТОЧНИК ЗАПИСИ | |
| Страна | российская федерация |
| Организация | NLR |
| Правила каталогизации | psbo |
| 801 #1 - ИСТОЧНИК ЗАПИСИ | |
| Страна | российская федерация |
| Организация | ELAR |
| Источник данных | rusmarc |
| 852 ## - МЕСТОНАХОЖДЕНИЕ И ШИФР ХРАНЕНИЯ | |
| Идентификатор организации | NLR |
| Шифр хранения (Call Number) | Л20 Г-7/3(2) |
| 852 ## - МЕСТОНАХОЖДЕНИЕ И ШИФР ХРАНЕНИЯ | |
| Идентификатор организации | NLR |
| Шифр хранения (Call Number) | КрII/4102(2/1) |
| 942 ## - ДОПОЛНИТЕЛЬНЫЕ ЭЛЕМЕНТЫ ЗАПИСИ (АБИС) | |
| Тип экземпляра АБИС | Книга |
| 945 ## - Информацию об издании предоставили: | |
| Полное название организации, предоставившей материал | Российская национальная библиотека |
| 980 ## - КОЛЛЕКЦИЯ | |
| Название коллекции | Библиография Победы |
Нет доступных экземпляров.





